Normal view
MARC view
- Harper, Gavin, D.J
Entry Personal Name
001 - CONTROL NUMBER
- control field: 68700
003 - CONTROL NUMBER IDENTIFIER
- control field: NUST
005 - DATE AND TIME OF LATEST TRANSACTION
- control field: 20210628204106.0
008 - FIXED-LENGTH DATA ELEMENTS
- fixed length control field: 210628|| aca||aabn | a|a d
040 ## - CATALOGING SOURCE
- Original cataloging agency: NUST
- Transcribing agency: NUST
100 ## - HEADING--PERSONAL NAME
- Personal name: Harper, Gavin, D.J
670 ## - SOURCE DATA FOUND
- Source citation: Work cat.: (NUST): Harper, Gavin, D.J, Holography projects for the evil genius, 2010
